00797 2200241 4500001002100000005001500021035002000036007000300056008004100059020001800100082001100118084001700129100001800146245007500164250001100239260004100250300001200291500020000303650002100503856001700524990000700541990000700548INLIS00000000000004520220121100645 a0010-0122000045ta220121 0 ind  a9786028225243 a001.43 a001.43 WAH s0 aWahyudin, dkk1 a99 Percobaan sehari-hari :bbereksperimen dengan bahan-bahan sederhana aSeri 5 aJakarta :bArmandelta Selaras,c2009 a119 hlm aMengajak siswa didik untuk belajar sains lewat eksperimen. belajar sains lewat eksperimen sederhana, tak sekedar membuat perserta didikmaupun menangkap teori dan konsep sains dengan menyenangkan. 4aPercobaan Ilmiah aKoleksi Umum a49 a50